Spell the Marvel Character #150 - Statistics

General Stats
  • This quiz has been taken 18 times
  • The average score is 8 of 10
Answer Stats
Picture Answer % Correct
Ant-Man
100%
Iron Man
100%
Nightcrawler
88%
Elsa Bloodstone
82%
Armor
76%
Outlaw
71%
Clea
65%
Lionheart
65%
Deathlok
59%
Caledonia
53%
No matching quizzes found
Score Distribution
Percent of People with Each Score
Percentile by Number Answered
Your Score History
You have not taken this quiz